00758 a2200229 4500003000500000005001700005010001600022020001700038038001200055040000900067082001100076245009900087250001100186260005200197300002900249440003600278505009700314538003400411650002700445700002700472700002900499Nust20191118104052.0 a 79027493 a0574212256 : aMSOHAIL cNust00a004.2200aIntroduction to computer architecture /cHarold S. Stone, editor ; Tien Chi Chen ... [et al.]. a2d ed. aChicago :bScience Research Associates,cc1980. a673 p. :bill. ;c24 cm. 4aThe SRA computer science series aPart I: Basic Computer Architecture (Page-3) Part II:Advanced Topics (Page-319 )Six Chapter  aAlmirah No. 3 and Shelf No. 1 0aComputer architecture.1 aChen, Tien Chi,d1928-1 aStone, Harold S.,d1938-